000 00314nam a22001337a 4500
008 180220b xxu||||| |||| 00| 0 eng d
020 _a9781429251525
041 _aeng
080 _a54
100 _a12
101 _akim
245 _aessentials of general organic biochemistry
_cdenise.g
942 _2udc
_cBK
999 _c42870
_d42870